Personalizovaná trasa

Saved in:
Bibliographic Details
Main Author: Horka, Martin (Author)
Other Authors: Čavojský, Maroš (Thesis advisor)
Format: Manuscript Book
Language:Slovak
Published: Bratislava : STU v Bratislave FEI, 2025
Subjects:
Online Access:https://opac.crzp.sk/?fn=detailBiblioFormChildSULJE&sid=BA75C2D62745AD5727EA919ED92F&seo=CRZP-detail-kniha
Tags: Add Tag
No Tags, Be the first to tag this record!

MARC

LEADER 00000ntm a22000003a 4500
001 stuzp103068
003 SK-STU
005 20251112134859.6
007 ta
008 150427s2015----xo-----f-mn---000-0-slo-d
040 |a STU  |b slo 
041 0 |a slo 
044 |a xo 
100 1 |a Horka, Martin  |u 035000  |4 aut  |U FEI Fakulta elektrotechniky a informatiky  |T FEI Ústav informatiky a matematiky  |X 122151  |U E050  |Y 816  |7 122151 
242 0 1 |a Personalized Route  |y eng 
245 1 0 |a Personalizovaná trasa 
260 |a Bratislava :  |b STU v Bratislave FEI,  |c 2025 
300 |a 55 s. 
650 4 |a personalizovaná trasa  |2 slo 
650 4 |a personalizácia  |2 slo 
650 4 |a trasa  |2 slo 
650 4 |a personalized route  |2 eng 
650 4 |a route  |2 eng 
650 4 |a personalization  |2 eng 
700 1 |a Čavojský, Maroš  |u 035000  |k Z1  |4 ths  |U FEI Fakulta elektrotechniky a informatiky  |T FEI Ústav informatiky a matematiky  |X 64790  |U E050  |Y 816  |7 A000064790 
856 4 |u https://opac.crzp.sk/?fn=detailBiblioFormChildSULJE&sid=BA75C2D62745AD5727EA919ED92F&seo=CRZP-detail-kniha